| 000 | 01243nam2a22002531 4500 | ||
|---|---|---|---|
| 001 | rc\4529507 | ||
| 005 | 20250612110740.0 | ||
| 021 |
_aRU _b[62-5546] |
||
| 035 | _a(NLR Aleph) 008628765 | ||
| 090 |
_a8868956 _c8868956 |
||
| 100 | _a20130416d1961 |||y0rusy50 ca | ||
| 101 | 0 | _arus | |
| 102 | _aRU | ||
| 105 | _aa z ||||| | ||
| 200 | 1 | _aВведение в анализ | |
| 210 |
_d1961 _aБ. м. |
||
| 215 |
_a147 с. _cчерт. |
||
| 461 | 0 |
_1001rc\4529506 _12001#$aВысшая математика$e[Учеб. пособие]$eЧ. 1-$fМ-во высш. и сред. спец. образования РСФСР. Моск. инж.-экон. ин-т им. С. Орджоникидзе$vЧ. 1 _1700#1$aКиссин$bВ.Э.$gВениамин Эдуардович _98868951 _aКиссин, В.Э. _cМосква _d1961 _fМ-во высш. и сред. спец. образования РСФСР. Моск. инж.-экон. ин-т им. С. Орджоникидзе _nБ. и. _o[Учеб. пособие] : Ч. 1- _tВысшая математика _vЧ. 1 |
|
| 606 |
_aМатематический анализ (ч. 1) _2psbo |
||
| 801 | 0 |
_aRU _bNLR _gpsbo |
|
| 801 | 1 |
_aRU _bELAR _2rusmarc |
|
| 852 |
_aNLR _j60-5/3961 |
||
| 942 | _cBOOK | ||
| 980 | _aNB | ||